00745nab a2200205 uc450000100070000000500170000700800410002403500110006503500210007604000130009704100080011010000390011824500670015765000270022465000280025165000320027965000290031170000430034077301560038335877220240201130812.0990312e19940601 spa  a358772 a(OCoLC)819774629 ccomduadb aspa10aVasquez Calvo, Alexander4auteaut10aPrediccion de la conductividad termica de compuestos organicos aCompuestos orgánicos aConductividad térmica 7aModelos matemáticos2lemb aHidrocarburos líquidos10aRodriguez Clachar, Sebastian4auteaut0 tIngeniería : Revista de la Universidad de Costa Rica (San José)gVolumen 04, Número 02, Junio-Diciembre 1994, p. 65-74w353136x1409-24410111766